| 000 | 00420nam a2200169Ia 4500 | ||
|---|---|---|---|
| 008 | 230524s9999 xx 000 0 und d | ||
| 020 | _a0070494703 | ||
| 082 |
_a5.133 _bKAM |
||
| 100 | _aRaj Kamal | ||
| 245 | 0 | _aEmbedded Systems Architecture Programming and Design | |
| 250 | _a1ST | ||
| 260 |
_aNEW DELHI _bTMH _c2000 |
||
| 300 | _aXII;620 | ||
| 500 | _aQuantity Number: 154 | ||
| 650 | _aComp-Sc | ||
| 942 | _cBK | ||
| 999 |
_c34115 _d34115 |
||